01010nam a2200253 i 450000100060000000300090000600500170001500700030003200800410003502000180007608000280009411100570012224500500017924600360022926001000026530000300036549000300039565100540042571000780047983000380055785200220059599900170061795201220063417462ES-MaACL20230906151607.0t|010312s2000 sp a |||| |dspa d a84-95251-43-4 a946.025.3 Llerena (063)2 aJornadas de Historia en Llerena (n1ª. d2000)976610aActas de la I Jornada de Historia de Llerena.3 aJornadas de Historia en Llerena aMérida : bJunta de Extremadura, Consejería de Educación, Ciencia y Tecnología, c2000. a280 p. : bil. ; c24 cm.1 aInvestigación educativa 4aLlerena-xHistoria-vCongresos y asambleas.989261 aExtremadura. bConsejería de Educación, Ciencia y Tecnología.940520 aInvestigación educativa9228717 aES-MaACLjL-24295 c17462d17462 00104070aATENEOMbATENEOMcDEPO2d2008-01-17eSCl0oL-24295p1017815r2023-02-23 00:00:00w2023-02-23yMONOGRAFIA